Normal view
MARC view
- امن البيانات-الاثنوغرافيا-ادارة المخاطر-حماية البيانات
Entry Topical Term
001 - CONTROL NUMBER
- control field: 63393
003 - CONTROL NUMBER IDENTIFIER
- control field: JO-AjAnu
005 - DATE AND TIME OF LATEST TRANSACTION
- control field: 20230606084340.0
008 - FIXED-LENGTH DATA ELEMENTS
- fixed length control field: 230606|| aca||aabn | a|a d
040 ## - CATALOGING SOURCE
- Original cataloging agency: JO-AjAnu
- Transcribing agency: JO-AjAnu
150 ## - HEADING--TOPICAL TERM
- Topical term or geographic name entry element: امن البيانات-الاثنوغرافيا-ادارة المخاطر-حماية البيانات
670 ## - SOURCE DATA FOUND
- Source citation: Work cat.: (JO-AjAnu)32321: التلمساني، مؤنس عبداللطيف , author 63392, الامن السيبراني والتحليل السسيولوجي للمجتمع